Marine birds of Malpelo island, Colombia (Registro nro. 13091)

Detalles MARC
000 -CABECERA
Campo de control 006840000a22002170004500
090 ## - CLASIFICACIÓN LOCAL
Colección AR
Consecutivo 04058
041 0# - IDIOMA
Código de idioma para texto/pista de sonido o título separado
100 1# - ASIENTO PRINCIPAL--NOMBRE PERSONAL
Nombre personal Pitman, Robert L.
245 10 - MENCION DE TITULO
Título Marine birds of Malpelo island, Colombia
650 14 - ASIENTO SECUNDARIO DE MATERIA - TERMINO TEMATICO
Término temático o nombre geográfico como elemento de entrada Aves marinas
650 14 - ASIENTO SECUNDARIO DE MATERIA - TERMINO TEMATICO
Término temático o nombre geográfico como elemento de entrada Biología de poblaciones
650 14 - ASIENTO SECUNDARIO DE MATERIA - TERMINO TEMATICO
Término temático o nombre geográfico como elemento de entrada Censos
650 14 - ASIENTO SECUNDARIO DE MATERIA - TERMINO TEMATICO
Término temático o nombre geográfico como elemento de entrada Listas de especies
651 #4 - ASIENTO SECUNDARIO DE MATERIA - NOMBRE GEOGRAFICO
-- Isla de Malpelo
-- Buenaventura
-- Valle del Cauca
-- Colombia
653 ## - TERMINO DE INDIZACION - NO CONTROLADO
-- Sula
-- Sula dactylatra
653 ## - TERMINO DE INDIZACION - NO CONTROLADO
-- Creagrus
-- Creagrus forcatus
700 1# - ASIENTO SECUNDARIO - NOMBRE PERSONAL
Nombre personal Spear, Larry B.
700 1# - ASIENTO SECUNDARIO - NOMBRE PERSONAL
Nombre personal Force, Michael P.
773 1# - Item fuente:
Título Colonial Waterbirds
Descripción física 1
Paginas del Articulo 113-119
Lugar, editorial y fecha de publicación 1995
Información sobre la relación 18
942 ## - ELEMENTOS ADICIONALES (KOHA)
Tipo de ítem Artículo
Existencias
Withdrawn status Lost status Damaged status No para préstamo Colección Ubicación Permanente Ubicación actual Fecha de adquisición Datos de publicación Seriada Total Checkouts Número topográfico Inventario / Código de Barras Date last seen Price effective from Forma de adquisición Tipo de material
      No para Préstamo Hemeroteca Bogotá Bogotá 27/02/2015 Fuera de circulación   AR 04058 017643 25/03/2015 25/03/2015   Artículo